| 000 | 00951nam a22002417a 4500 | ||
|---|---|---|---|
| 999 |
_c16485 _d16485 |
||
| 003 | AR-CdUCM | ||
| 008 | 190401b ||||| |||| 00| 0 spa d | ||
| 040 |
_aMUNICIPALIDAD PROVINCIAL DEL CUSCO _cBIBLIOTECA MUNICIPAL DEL CUSCO |
||
| 082 |
_a909 / _bM27 |
||
| 100 |
_aMaspero, G. _927453 |
||
| 245 |
_aNovísima historia universal : _bDesde los tiempos prehistóricos hasta nuestros días / |
||
| 260 |
_aMadrid : _bEspañola - americana, _c1910. |
||
| 300 |
_a2 tomos ; _c26 cm. |
||
| 505 | _aContenido : t.5. Historia de la republica romana -- El imperio romano -- t.6 Los orígenes -- t.18: Primeros años de Luis XV -- Europa a raíz de los tratados de Uthecht... | ||
| 650 |
_aHistoria _9136 |
||
| 650 |
_aUniversal _918236 |
||
| 650 |
_aImperios _927454 |
||
| 700 |
_aRenán Ernesto. _921239 |
||
| 700 |
_aDuruy, Victor. _935953 |
||
| 700 |
_aBlasco Ibañes, Vicente (traductor) _935954 |
||
| 942 |
_2ddc _cLIBROS |
||
| 945 |
_adavv _d2019-05-27 |
||